UEFA Champions League players 2010/11 - Statistics

General Stats
  • This quiz has been taken 8 times
  • The average score is 121 of 709
Answer Stats
Rank Player Positions Nationality Matches Goals (assists) Clubs % Correct
2 Cristiano Ronaldo MF, FW 12 6 (4)
100%
1 Lionel Messi MF, FW 13 12 (3)
100%
103 Thomas Müller MF, FW 8 3 (2)
100%
152 Aaron Hunt MF, FW 6 0 (0)
80%
22 Aaron Lennon MF, FW 10 0 (5)
80%
154 Adriano DF, MF 6 0 (2)
80%
632 Adriano DF, FW 1 0 (0)
80%
23 Andrés Iniesta MF 10 1 (6)
80%
109 Antonio Valencia DF, MF 7 1 (1)
80%
110 Ashley Cole DF 7 0 (0)
80%
28 Branislav Ivanović DF 10 2 (0)
80%
302 Cesc Fàbregas MF, FW 5 3 (2)
80%
63 Clarence Seedorf MF 8 0 (1)
80%
3 Dani Alves DF, MF 12 2 (2)
80%
115 Daniele De Rossi DF, MF 7 1 (1)
80%
43 Darijo Srna DF, MF 9 1 (5)
80%
117 Darren Fletcher MF 7 1 (1)
80%
4 David Villa MF, FW 12 4 (1)
80%
118 Dejan Stanković MF 7 2 (0)
80%
31 Edwin van der Sar GK 10 0 (0)
80%
121 Esteban Cambiasso MF 7 1 (2)
80%
44 Florent Malouda MF, FW 9 1 (1)
80%
45 Gareth Bale MF, FW 9 4 (2)
80%
5 Gerard Piqué DF 12 1 (0)
80%
124 Goran Pandev MF, FW 7 1 (2)
80%
70 Heurelho Gomes GK 8 0 (0)
80%
14 Iker Casillas GK 11 0 (0)
80%
46 Javier Hernández FW 9 4 (1)
80%
15 Javier Mascherano DF, MF 11 0 (0)
80%
72 Javier Zanetti DF, MF 8 1 (0)
80%
215 John O'Shea DF, MF 6 0 (0)
80%
77 John Terry DF 8 1 (0)
80%
131 Júlio César GK 7 0 (0)
80%
508 Kaká MF, FW 3 0 (1)
80%
78 Karim Benzema FW 8 6 (1)
80%
79 Klaas-Jan Huntelaar FW 8 3 (0)
80%
35 Luiz Adriano MF, FW 10 4 (0)
80%
82 Luka Modrić MF 8 1 (1)
80%
6 Manuel Neuer GK 12 0 (0)
80%
7 Marcelo DF, MF 12 2 (3)
80%
19 Michael Carrick MF 11 0 (1)
80%
8 Nani MF, FW 12 1 (0)
80%
47 Nemanja Vidić DF 9 0 (0)
80%
48 Nicolas Anelka FW 9 7 (1)
80%
36 Patrice Evra DF 10 0 (0)
80%
9 Pedro MF, FW 12 5 (1)
80%
51 Petr Čech GK 9 0 (0)
80%
96 Philipp Lahm DF, MF 8 0 (0)
80%
140 Rafael van der Vaart MF 7 2 (1)
80%
10 Raúl FW 12 5 (2)
80%
53 Ricardo Carvalho DF 9 0 (0)
80%
143 Rio Ferdinand DF 7 0 (0)
80%
98 Ryan Giggs MF, FW 8 1 (5)
80%
99 Sami Khedira MF 8 0 (1)
80%
100 Samir Nasri MF, FW 8 2 (3)
80%
37 Samuel Eto'o FW 10 8 (5)
80%
11 Sergio Busquets MF 12 0 (3)
80%
101 Sergio Ramos DF 8 0 (0)
80%
20 Víctor Valdés GK 11 0 (0)
80%
705 Vojislav Stanković DF 1 0 (0)
80%
54 Wayne Rooney MF, FW 9 4 (2)
80%
55 Wesley Sneijder MF 9 3 (2)
80%
12 Xavi MF 12 2 (3)
80%
107 Zlatan Ibrahimović FW 8 4 (0)
80%
57 Alex DF 8 1 (2)
60%
291 Alexandre Pato MF, FW 5 0 (0)
60%
161 Allan McGregor GK 6 0 (0)
60%
164 Anderson MF 6 3 (0)
60%
550 Andrei Ivanov DF 2 0 (0)
60%
25 Ángel Di María MF, FW 10 3 (3)
60%
61 Carles Puyol DF 8 0 (0)
60%
300 César Navas DF 5 0 (0)
60%
178 Cristian Chivu DF 6 0 (0)
60%
308 Daniel Van Buyten DF 5 0 (1)
60%
651 Darren Cole DF 1 0 (0)
60%
119 Didier Drogba FW 7 2 (2)
60%
120 Dimitar Berbatov FW 7 0 (1)
60%
186 Djibril Cissé FW 6 0 (0)
60%
188 Douglas da Silva DF 6 1 (0)
60%
316 Édouard Cissé MF 5 0 (0)
60%
67 Eduardo da Silva FW 8 4 (0)
60%
190 Emmanuel Adebayor FW 6 2 (0)
60%
68 Éric Abidal DF 8 0 (1)
60%
122 Fábio DF, FW 7 0 (0)
60%
195 Fábio Coentrão DF, FW 6 2 (0)
60%
660 Felix Kroos DF, MF, FW 1 0 (0)
60%
123 Francesco Totti MF, FW 7 2 (1)
60%
423 Frank Lampard MF 4 0 (1)
60%
324 Gilberto Silva DF, MF 5 0 (0)
60%
203 Gonzalo Higuaín MF, FW 6 2 (0)
60%
127 Jack Wilshere MF 7 1 (3)
60%
428 Jermain Defoe FW 4 2 (0)
60%
16 Joël Matip DF, MF 11 1 (0)
60%
214 John Obi Mikel MF 6 0 (0)
60%
430 José Bosingwa DF 4 0 (0)
60%
132 Kevin-Prince Boateng MF, FW 7 0 (1)
60%
34 Lassana Diarra MF 10 0 (1)
60%
593 Mahamadou Diarra MF 2 0 (0)
60%
18 Mesut Özil MF, FW 11 1 (6)
60%
90 Michael Essien DF, MF 8 1 (2)
60%
600 Miroslav Klose FW 2 1 (0)
60%
245 Pablo Hernández MF, FW 6 2 (1)
60%
49 Park Ji-sung MF 9 1 (1)
60%
95 Pepe DF, MF 8 0 (0)
60%
50 Peter Crouch FW 9 4 (3)
60%
141 Rafael DF, MF 7 0 (0)
60%
97 Ramires MF 8 0 (0)
60%
251 Raúl Albiol DF 6 0 (0)
60%
145 Robinho MF, FW 7 0 (1)
60%
38 Seydou Keita MF 10 1 (0)
60%
272 Thiago Silva DF 6 0 (0)
60%
148 Toni Kroos MF 7 0 (0)
60%
39 Willian MF, FW 10 1 (1)
60%
21 Xabi Alonso MF 11 0 (0)
60%
631 Abou Diaby MF 1 0 (0)
40%
472 Alain Traoré MF, FW 3 0 (0)
40%
108 Alessandro Nesta DF 7 0 (0)
40%
292 Alexandre Song DF, MF 5 1 (1)
40%
56 Alex Teixeira MF, FW 8 0 (0)
40%
58 André Ayew MF, FW 8 0 (2)
40%
165 Andrey Arshavin MF, FW 6 3 (2)
40%
24 Andriy Pyatov GK 10 0 (0)
40%
552 Arjen Robben MF, FW 2 0 (0)
40%
112 Bastian Schweinsteiger DF, MF 7 2 (2)
40%
409 César Sánchez GK 4 0 (0)
40%
174 Christian Abbiati GK 6 0 (0)
40%
304 Cris DF 5 0 (1)
40%
116 Danijel Pranjić DF, MF 7 0 (0)
40%
30 Douglas Costa MF, FW 10 2 (3)
40%
192 Emmanuel Eboué DF, MF 6 0 (0)
40%
565 Fernandinho DF, MF 2 0 (0)
40%
421 Fernando Torres FW 4 0 (0)
40%
495 Filippo Inzaghi FW 3 2 (0)
40%
422 Franck Ribéry MF, FW 4 2 (1)
40%
322 Gennaro Gattuso MF 5 0 (1)
40%
125 Hamit Altıntop DF, MF 7 0 (1)
40%
126 Henrikh Mkhitaryan MF, FW 7 0 (0)
40%
580 Ivica Olić FW 2 0 (0)
40%
333 Jean-Alain Boumsong DF 5 0 (0)
40%
128 Jérémy Mathieu DF 7 0 (1)
40%
129 Jermaine Jenas MF 7 0 (1)
40%
429 Jermaine Jones MF 4 0 (1)
40%
504 Jonny Evans DF 3 0 (0)
40%
505 Jordan Ayew MF, FW 3 0 (0)
40%
506 Jordi Alba DF, MF 3 0 (0)
40%
130 Juan Mata MF, FW 7 1 (3)
40%
221 Lacina Traoré FW 6 2 (0)
40%
434 Laurent Koscielny DF 4 0 (0)
40%
344 Lisandro López MF, FW 5 2 (1)
40%
81 Lúcio DF 8 0 (2)
40%
228 Luuk de Jong FW 6 1 (0)
40%
86 Mario Gómez FW 8 8 (1)
40%
515 Mark van Bommel MF 3 0 (0)
40%
597 Martín Demichelis DF, MF 2 0 (0)
40%
439 Massimo Ambrosini MF 4 0 (0)
40%
352 Mathieu Flamini MF 5 0 (0)
40%
236 Maxi Pereira DF 6 0 (0)
40%
136 Maxwell DF 7 0 (0)
40%
366 Paulo Ferreira DF 5 0 (0)
40%
142 Ricardo Costa DF 7 1 (0)
40%
373 Ronaldinho MF, FW 5 1 (1)
40%
256 Salomon Kalou MF, FW 6 0 (2)
40%
377 Siem de Jong MF, FW 5 0 (0)
40%
147 Tino Costa MF 7 1 (0)
40%
623 Tomás Costa MF 2 0 (0)
40%
386 Tom Huddlestone MF 5 0 (0)
40%
279 Vedran Ćorluka DF 6 0 (0)
40%
541 Walter Samuel DF 3 0 (0)
40%
629 Wes Brown DF 2 0 (0)
40%
105 William Gallas DF 8 0 (0)
40%
709 Yossi Benayoun MF 1 0 (0)
40%
150 Yuri Zhirkov DF, MF 7 1 (0)
40%
544 Aleandro Rosi DF, MF 2 0 (0)
20%
548 Alexandre Lacazette FW 2 1 (2)
20%
160 Alexandros Tzorvas GK 6 0 (0)
20%
41 Álvaro Arbeloa DF 9 1 (0)
20%
162 Aly Cissokho DF 6 0 (0)
20%
163 Anatoliy Tymoshchuk DF, MF 6 1 (0)
20%
293 Andrea Pirlo MF 5 0 (0)
20%
400 Bacary Sagna DF 4 0 (0)
20%
111 Bafétimbi Gomis FW 7 2 (0)
20%
27 Benoît Assou-Ekotto DF 10 0 (0)
20%
477 Bojan Krkić MF, FW 3 0 (0)
20%
298 Bryan Ruiz MF, FW 5 0 (1)
20%
171 Carlos Martins MF 6 0 (5)
20%
42 Chris Smalling DF 9 0 (0)
20%
482 Claudio Pizarro FW 3 1 (1)
20%
485 Daniele Bonera DF 3 0 (0)
20%
307 Daniel Sturridge MF, FW 5 2 (0)
20%
180 David Luiz DF, MF 6 0 (0)
20%
310 David Pizarro MF 5 0 (1)
20%
487 Diego Contento DF 3 0 (1)
20%
415 Diego Milito FW 4 1 (0)
20%
654 Elini Dimoutsos MF, FW 1 0 (0)
20%
193 Eran Zahavi MF, FW 6 3 (1)
20%
418 Esteban Granero MF 4 0 (0)
20%
563 Federico Macheda FW 2 0 (1)
20%
69 Gabriel Heinze DF 8 1 (1)
20%
566 Gabriel Milito DF 2 0 (0)
20%
323 Gianluca Zambrotta DF 5 0 (0)
20%
424 Giorgos Karagounis MF 4 0 (0)
20%
569 Guillermo Burdisso DF 2 0 (0)
20%
425 Hans-Jörg Butt GK 4 0 (0)
20%
326 Holger Badstuber DF, MF 5 0 (2)
20%
327 Hugo Almeida FW 5 1 (2)
20%
71 Hugo Lloris GK 8 0 (0)
20%
206 Ibrahim Afellay MF, FW 6 0 (1)
20%
208 Ignazio Abate DF, MF 6 0 (0)
20%
211 Javier Saviola FW 6 0 (0)
20%
33 Jefferson Farfán MF, FW 10 4 (1)
20%
584 Jeffrén Suárez MF, FW 2 0 (0)
20%
667 Jerzy Dudek GK 1 0 (0)
20%
213 Johan Djourou DF 6 0 (0)
20%
586 José Manuel Pinto GK 2 0 (0)
20%
587 Josu Sarriegi DF 2 0 (0)
20%
674 Júlio Baptista MF, FW 1 0 (0)
20%
431 Júlio Sérgio GK 4 0 (0)
20%
341 Kostas Katsouranis DF, MF 5 0 (0)
20%
133 Kyriakos Papadopoulos DF, MF 7 0 (0)
20%
435 Lazaros Christodoulopoulos MF, FW 4 0 (0)
20%
436 Leonel Núñez MF, FW 4 0 (0)
20%
134 Loïc Rémy FW 7 2 (0)
20%
346 Luis Suárez FW 5 1 (3)
20%
229 Maarten Stekelenburg GK 6 0 (0)
20%
437 Manuel Fernandes MF 4 0 (0)
20%
678 Marco Materazzi DF 1 0 (0)
20%
232 Marko Marin MF, FW 6 1 (0)
20%
233 Marouane Chamakh FW 6 3 (0)
20%
89 Mathieu Valbuena MF, FW 8 1 (1)
20%
92 Miralem Pjanić MF 8 1 (0)
20%
138 Nicolás Burdisso DF 7 0 (0)
20%
361 Nikos Spyropoulos DF 5 0 (0)
20%
362 Obafemi Martins FW 5 0 (0)
20%
139 Paul Scholes MF 7 0 (1)
20%
452 Pedro León MF, FW 4 1 (0)
20%
693 Peter Larsson DF 1 0 (0)
20%
250 Philippe Mexès DF 6 1 (0)
20%
52 Răzvan Raț DF 9 1 (2)
20%
454 Robbie Keane FW 4 0 (0)
20%
144 Roberto Soldado FW 7 6 (0)
20%
532 Rodrigo Taddei DF, FW 3 0 (0)
20%
460 Sébastien Bassong DF 4 0 (0)
20%
615 Sidney Govou MF, FW 2 1 (0)
20%
538 Sotiris Ninis MF, FW 3 0 (1)
20%
268 Stergos Marinos DF, MF 6 0 (0)
20%
102 Steve Mandanda GK 8 0 (0)
20%
380 Taye Taiwo DF 5 0 (0)
20%
382 Theo Walcott MF, FW 5 2 (0)
20%
390 Volkan Şen MF, FW 5 0 (0)
20%
470 Wesley MF 4 0 (1)
20%
149 Yoann Gourcuff MF 7 1 (1)
20%
542 Younès Kaboul DF 3 1 (0)
20%
543 Yuto Nagatomo DF 3 0 (0)
20%
153 Adama Coulibaly DF, MF 6 0 (0)
0%
287 Admir Vladavić MF 5 0 (0)
0%
155 Aiden McGeady MF, FW 6 0 (0)
0%
633 Airton DF, MF 1 0 (0)
0%
156 Alan MF, FW 6 0 (0)
0%
393 Alan Hutton DF 4 0 (0)
0%
394 Alan Kardec FW 4 1 (0)
0%
288 Alan Kasaev MF 5 0 (0)
0%
289 Alberto Rodríguez DF 5 0 (0)
0%
545 Aleksandar Davidov MF 2 0 (0)
0%
157 Aleksandar Lazevski DF, MF 6 0 (0)
0%
473 Aleksandar Miljković DF, MF 3 0 (0)
0%
546 Aleksandr Kozlov MF, FW 2 0 (0)
0%
634 Aleksandr Orekhov DF 1 0 (0)
0%
290 Aleksandr Ryazantsev MF 5 0 (0)
0%
158 Aleksandr Sheshukov DF, MF 6 0 (0)
0%
474 Aleksei Medvedev FW 3 0 (0)
0%
395 Alexander Baumjohann MF 4 0 (1)
0%
159 Alexander Frei FW 6 3 (1)
0%
547 Alexander Merkel MF 2 0 (0)
0%
635 Ali Karimi MF, FW 1 0 (0)
0%
396 Ali Tandoğan DF, MF 4 0 (0)
0%
397 Almami Moreira MF 4 0 (0)
0%
398 Andrea Ranocchia DF 4 0 (0)
0%
475 Andreas Ottl MF 3 0 (0)
0%
549 André Ooijer DF 2 0 (0)
0%
294 André-Pierre Gignac MF, FW 5 3 (0)
0%
476 Andrés Madrid MF 3 0 (0)
0%
636 Andreu Fontàs DF 1 1 (0)
0%
166 Andriy Dykan GK 6 0 (0)
0%
637 Ángel Dealbert DF 1 0 (0)
0%
638 Angelos Charisteas FW 1 0 (0)
0%
639 Aníbal Capela DF 1 0 (0)
0%
640 Anthony Le Tallec MF, FW 1 0 (0)
0%
59 Anthony Réveillère DF 8 0 (0)
0%
641 Antonio Adán GK 1 0 (0)
0%
551 Antonis Petropoulos FW 2 0 (1)
0%
399 Ari FW 4 2 (0)
0%
60 Aritz Aduriz FW 8 2 (0)
0%
642 Artur Moraes GK 1 0 (0)
0%
13 Atsuto Uchida DF 11 0 (1)
0%
295 Avihai Yadin MF 5 0 (0)
0%
643 Bart Buysse DF 1 0 (0)
0%
644 Bebé MF, FW 1 0 (0)
0%
296 Beg Ferati DF 5 0 (0)
0%
167 Behrang Safari DF 6 0 (0)
0%
645 Bekir Ozan Has MF 1 0 (0)
0%
401 Bello Babatounde MF, FW 4 1 (0)
0%
646 Ben Amos GK 1 0 (0)
0%
26 Benedikt Höwedes DF 10 2 (0)
0%
402 Benjamin Huggel MF 4 0 (0)
0%
113 Benoît Cheyrou MF 7 0 (3)
0%
169 Benoît Pedretti MF 6 0 (0)
0%
168 Ben Sahar MF, FW 6 1 (0)
0%
297 Bevan Fransman DF 5 0 (0)
0%
403 Bibras Natkho MF, FW 4 0 (0)
0%
553 Bogdan Lobonț GK 2 0 (0)
0%
114 Brandão FW 7 2 (1)
0%
478 Breno Borges DF 3 0 (0)
0%
404 Bruno DF 4 0 (0)
0%
405 Cabral MF 4 1 (0)
0%
170 Cadú DF 6 1 (0)
0%
554 Çağdaş Atan DF 2 0 (0)
0%
479 Carlo Cudicini GK 3 0 (0)
0%
555 Carlos Eduardo MF, FW 2 0 (0)
0%
406 Carlos Vela MF, FW 4 2 (0)
0%
299 Cédric Hengbart DF 5 0 (0)
0%
407 Cédric Kanté DF 4 1 (0)
0%
408 César Azpilicueta DF, MF 4 0 (1)
0%
556 César Delgado MF, FW 2 0 (0)
0%
301 César Peixoto DF, MF 5 0 (0)
0%
172 César Santin MF, FW 6 0 (0)
0%
647 Charalampos Mavrias DF, FW 1 0 (0)
0%
303 Charles Kaboré DF, MF 5 0 (1)
0%
173 Chori Domínguez MF, FW 6 1 (2)
0%
62 Christian Bolaños MF 8 0 (1)
0%
410 Christian Eriksen MF, FW 4 0 (0)
0%
175 Christian Noboa MF 6 2 (0)
0%
29 Christoph Metzelder DF 10 0 (0)
0%
480 Christoph Moritz MF 3 0 (0)
0%
557 Cicinho DF 2 0 (0)
0%
481 Ciprian Deac MF, FW 3 0 (0)
0%
64 Claudemir de Souza MF 8 1 (0)
0%
411 Clemens Fritz DF, MF 4 0 (0)
0%
176 Cléo FW 6 2 (0)
0%
648 Craig Eastmond DF, MF 1 0 (0)
0%
177 Cristian Ansaldi DF, MF, FW 6 0 (0)
0%
649 Cristian Maidana MF 1 0 (1)
0%
558 Cristiano Biraghi DF, MF 2 0 (0)
0%
305 Cristian Panin DF 5 0 (1)
0%
65 Dame N'Doye FW 8 2 (0)
0%
483 Damien Plessis MF 3 0 (0)
0%
306 Dani Bondar DF 5 0 (0)
0%
484 Daniel Jensen MF 3 0 (0)
0%
559 Dario Vujičević MF 2 0 (0)
0%
309 Dariusz Dudka DF, MF 5 0 (0)
0%
650 Darko Brašanac MF, FW 1 0 (0)
0%
486 Darron Gibson MF 3 1 (1)
0%
179 David Abraham DF 6 0 (0)
0%
412 David Albelda DF, MF 4 0 (0)
0%
413 Davide Santon DF 4 0 (0)
0%
652 David Mateos DF 1 0 (0)
0%
181 David Navarro DF 6 0 (0)
0%
182 David Weir DF 6 0 (0)
0%
414 Dedi Ben Dayan DF, MF 4 0 (0)
0%
183 Dejan Lovren DF 6 1 (0)
0%
311 Delvin N'Dinga MF 5 0 (0)
0%
184 Demy de Zeeuw MF 6 2 (0)
0%
312 Denílson MF 5 0 (0)
0%
313 Dennis Oliech FW 5 0 (0)
0%
185 Denny Landzaat MF 6 1 (0)
0%
314 Dimitar Ivankov GK 5 0 (0)
0%
187 Dmitri Kombarov DF, MF 6 0 (1)
0%
315 Dmytro Chygrynskiy DF 5 1 (0)
0%
560 Dominik Schmidt DF 2 0 (0)
0%
416 Dominique Kivuvu MF 4 0 (0)
0%
561 Doni GK 2 0 (0)
0%
189 Douglas DF 6 0 (0)
0%
488 Dwight Tiendalli DF 3 0 (0)
0%
489 Edimar Fraga DF, MF 3 0 (0)
0%
653 Edson Braafheid DF 1 0 (0)
0%
66 Edu FW 8 2 (0)
0%
317 Eduardo Salvio MF, FW 5 0 (0)
0%
490 Eduard Stăncioiu GK 3 0 (0)
0%
491 Elderson Echiéjilé DF 3 0 (0)
0%
655 Élton Rodrigues Brandão FW 1 0 (1)
0%
318 Emil Dică MF 5 0 (1)
0%
319 Emil Rilke MF 5 0 (0)
0%
562 Emir Bajrami MF, FW 2 0 (0)
0%
191 Emmanuel Culio MF 6 1 (3)
0%
417 Emmanuel Koné MF 4 0 (0)
0%
656 Erik Jendrišek MF, FW 1 0 (0)
0%
419 Éver Banega MF 4 0 (0)
0%
194 Eyong Enoh MF 6 0 (0)
0%
657 Ezequiel Garay DF 1 0 (0)
0%
492 Fábio Simplício MF 3 0 (1)
0%
493 Fabrice Abriel MF 3 0 (0)
0%
420 Federico Almerares FW 4 1 (0)
0%
196 Federico Insúa MF 6 0 (0)
0%
658 Felice Natalino DF 1 0 (0)
0%
494 Felice Piccolo DF 3 0 (0)
0%
320 Felipe GK 5 0 (0)
0%
659 Felipe Menezes MF 1 0 (0)
0%
564 Ferdinando Sforzini FW 2 0 (0)
0%
661 Filip Ozobić MF, FW 1 0 (0)
0%
197 Franco Costanzo GK 6 0 (0)
0%
496 Franco Jara FW 3 0 (0)
0%
497 Frédéric Sammaritano MF, FW 3 1 (0)
0%
498 Fwayo Tembo MF, FW 3 0 (0)
0%
662 Gabriel Mureșan DF, MF 1 0 (0)
0%
499 Gabriel Obertan MF, FW 3 1 (0)
0%
198 Gaël Clichy DF 6 0 (1)
0%
321 Gaël Kakuta MF, FW 5 0 (1)
0%
567 Gal Shish DF 2 0 (0)
0%
663 Gianluca Caprari MF, FW 1 0 (0)
0%
200 Gilles Yapi Yapo MF 6 0 (0)
0%
199 Gil Vermouth MF 6 0 (0)
0%
201 Gökçek Vederson DF, MF 6 0 (0)
0%
202 Gökdeniz Karadeniz MF, FW 6 0 (0)
0%
568 Granit Xhaka DF, MF 2 0 (0)
0%
204 Gregory van der Wiel DF 6 0 (0)
0%
325 Gustav Svensson DF, MF 5 0 (0)
0%
205 Hans Sarpei DF 6 0 (1)
0%
570 Hao Junmin MF, FW 2 0 (0)
0%
571 Hedwiges Maduro DF, MF 2 0 (0)
0%
572 Hélder Barbosa MF, FW 2 0 (0)
0%
573 Hjalte Nørregaard MF 2 0 (0)
0%
500 Houssine Kharja MF 3 0 (0)
0%
574 Hugo Alcântara DF 2 0 (0)
0%
501 Hugo Viana MF 3 0 (0)
0%
575 Hüseyin Çimşir DF, MF 2 0 (0)
0%
502 İbrahim Öztürk DF 3 0 (0)
0%
207 Ibson MF 6 2 (0)
0%
426 Ioan Hora MF, FW 4 0 (0)
0%
209 Ionuț Rada DF 6 2 (0)
0%
576 Ireneusz Jeleń MF, FW 2 0 (0)
0%
577 Isco MF, FW 2 0 (0)
0%
578 İsmail Haktan Odabaşı MF 2 0 (0)
0%
328 Itay Shechter FW 5 1 (0)
0%
329 Iván Córdoba DF 5 0 (0)
0%
330 Ivan Ergić MF 5 0 (0)
0%
331 Ivan Rakitić MF 5 0 (2)
0%
579 Ivan Stevanović DF 2 0 (0)
0%
427 Ivica Iliev MF, FW 4 0 (0)
0%
664 Jacob Mellis MF 1 0 (0)
0%
32 Jádson MF 10 2 (3)
0%
581 James Beattie FW 2 0 (0)
0%
582 Jano Ananidze MF, FW 2 0 (0)
0%
332 Jan Vertonghen DF 5 0 (0)
0%
210 Javi García DF, MF 6 1 (1)
0%
665 Jay Emmanuel-Thomas MF, FW 1 0 (0)
0%
503 Jean Makoun MF 3 0 (0)
0%
583 Jean-Pascal Mignot DF 2 0 (0)
0%
585 Jeffrey Bruma DF 2 0 (0)
0%
666 Jérémy Berthod DF 1 0 (0)
0%
212 Jérémy Ménez MF, FW 6 2 (1)
0%
73 Jérémy Pied DF, FW 8 0 (1)
0%
334 Jérémy Toulalan DF, MF 5 0 (0)
0%
74 Jesper Grønkjær MF, FW 8 1 (0)
0%
75 Jimmy Briand MF, FW 8 1 (0)
0%
335 Joaquín MF, FW 5 1 (1)
0%
668 Joel Obi DF, MF 1 0 (0)
0%
76 Johan Wiland GK 8 0 (0)
0%
336 John Arne Riise DF, MF 5 0 (1)
0%
669 John Fleck MF 1 0 (0)
0%
670 Jonas FW 1 0 (0)
0%
337 Jonathan Biabiany MF, FW 5 0 (0)
0%
671 Jonathan dos Santos MF 1 0 (0)
0%
672 Jonathan Woodgate DF 1 0 (0)
0%
673 Jordan McMillan DF 1 0 (0)
0%
17 José Manuel Jurado MF 11 3 (3)
0%
216 Josh McEachran MF 6 0 (0)
0%
338 Jozef Piaček DF 5 0 (0)
0%
507 Juan DF 3 0 (0)
0%
217 Julian Draxler MF, FW 6 0 (0)
0%
339 Julien Quercia MF, FW 5 0 (1)
0%
218 Kamel Chafni MF 6 0 (1)
0%
340 Kenneth Zohore FW 5 0 (0)
0%
219 Kenny Miller FW 6 1 (0)
0%
509 Kieran Gibbs DF, MF 3 0 (0)
0%
220 Kim Källström MF 6 0 (0)
0%
675 Kirill Kombarov DF, MF 1 0 (0)
0%
432 Kirk Broadfoot DF 4 0 (1)
0%
588 Kyle Hutton MF 2 0 (0)
0%
433 Kyle Lafferty FW 4 0 (0)
0%
510 Lasha Salukvadze DF 3 0 (0)
0%
511 Leandro Greco MF 3 1 (0)
0%
342 Leandro Salino DF, MF 5 0 (1)
0%
589 Ledley King DF, MF 2 0 (0)
0%
343 Lee McCulloch DF, FW 5 0 (0)
0%
676 Lennart Thy MF, FW 1 0 (0)
0%
590 Léo Veloso DF 2 0 (0)
0%
677 Leyti N'Diaye DF 1 0 (0)
0%
222 Lima FW 6 1 (0)
0%
223 Loukas Vyntra DF 6 0 (0)
0%
345 Ľubomír Guldan DF 5 0 (0)
0%
224 Luca Antonini DF, MF 6 0 (0)
0%
512 Luca Castellazzi GK 3 0 (0)
0%
80 Lucho González MF 8 2 (1)
0%
225 Luis Aguiar MF 6 0 (2)
0%
227 Luisão DF 6 2 (0)
0%
226 Luis García MF 6 0 (0)
0%
591 Luiz Gustavo DF, MF 2 0 (0)
0%
83 Lukas Schmitz DF, MF 8 0 (1)
0%
347 Łukasz Fabiański GK 5 0 (0)
0%
592 MacBeth Sibaya MF 2 0 (0)
0%
348 Madjid Bougherra DF 5 0 (0)
0%
84 Maicon Sisenando DF 8 0 (0)
0%
594 Manuel Almunia GK 2 0 (0)
0%
513 Marcelo Martins Moreno FW 3 0 (0)
0%
230 Marc Janko FW 6 0 (0)
0%
514 Marco Amelia GK 3 0 (0)
0%
85 Marco Borriello FW 8 4 (1)
0%
135 Marco Cassetti DF, MF 7 0 (0)
0%
349 Marco Streller FW 5 0 (2)
0%
679 Marek Jankulovski DF, MF 1 0 (0)
0%
231 Marek Suchý DF 6 0 (0)
0%
680 Mario Gavranović MF, FW 1 1 (0)
0%
350 Mário Pečalka DF, MF 5 0 (0)
0%
595 Mario Yepes DF 2 0 (0)
0%
351 Marko Arnautović MF, FW 5 2 (0)
0%
438 Marko Jovanović DF, MF 4 0 (0)
0%
596 Marko Šćepović FW 2 0 (0)
0%
234 Martin Dúbravka GK 6 0 (0)
0%
516 Martin Stranzl DF, MF 3 0 (0)
0%
87 Martin Vingaard MF 8 2 (2)
0%
235 Matheus Leite Nascimento MF, FW 6 3 (0)
0%
88 Mathias Jørgensen DF 8 0 (0)
0%
440 Maurice Edu DF, MF 4 1 (0)
0%
681 Maxime Bourgeois FW 1 0 (0)
0%
441 Maxime Gonalons MF 4 0 (1)
0%
598 McDonald Mariga MF 2 0 (0)
0%
353 Mehmet Topal DF, MF 5 0 (1)
0%
442 Michael Dawson DF 4 0 (0)
0%
599 Michael Owen FW 2 0 (0)
0%
682 Michael Schimpelsberger DF 1 0 (0)
0%
137 Michel Bastos DF, MF 7 3 (1)
0%
683 Miguel Ángel Moyá GK 1 0 (0)
0%
443 Miguel Garcia DF 4 0 (0)
0%
444 Miguel Monteiro DF 4 1 (1)
0%
91 Mikael Antonsson DF 8 0 (0)
0%
517 Mikaël Silvestre DF 3 0 (0)
0%
445 Milan Smiljanić MF 4 0 (0)
0%
446 Milan Stepanov DF 4 0 (0)
0%
237 Miralem Sulejmani MF, FW 6 0 (0)
0%
354 Mirko Vučinić FW 5 0 (1)
0%
684 Mitch Stockentree DF 1 0 (0)
0%
238 Mladen Krstajić DF 6 0 (0)
0%
355 Mohamed Kamara MF 5 0 (0)
0%
356 Moisés Moura DF, MF 5 1 (0)
0%
239 Momodou Ceesay FW 6 0 (0)
0%
447 Mossoró MF 4 0 (0)
0%
240 Mounir El Hamdaoui FW 6 1 (1)
0%
518 Mustafa Keçeli DF 3 0 (0)
0%
601 Mykola Ischenko DF 2 0 (0)
0%
241 Nacer Chadli MF, FW 6 3 (0)
0%
519 Nemanja Tomić MF, FW 3 0 (0)
0%
357 Nicklas Bendtner FW 5 0 (0)
0%
685 Nicky Kuiper DF 1 0 (0)
0%
358 Nicolás Gaitán MF, FW 5 0 (0)
0%
359 Nicolás Pareja DF 5 0 (0)
0%
686 Nicolas Plestan DF 1 0 (0)
0%
687 Nikita Bazhenov MF, FW 1 1 (0)
0%
448 Niko Kranjčar MF 4 0 (0)
0%
520 Nikola Drinčić MF 3 0 (1)
0%
360 Nikolay Mihaylov GK 5 0 (0)
0%
521 Nuno Claro GK 3 0 (0)
0%
522 Nwankwo Obiora DF, MF 3 0 (0)
0%
602 Oleg Kuzmin DF 2 0 (0)
0%
688 Oleguer Presas DF 1 0 (0)
0%
523 Oleksandr Kucher DF 3 0 (0)
0%
242 Oleksiy Gai MF 6 0 (0)
0%
243 Olivier Sorin GK 6 0 (0)
0%
244 Ömer Erdoğan DF 6 0 (0)
0%
689 Omri Kende DF, MF 1 0 (0)
0%
524 Ondřej Šourek DF 3 0 (0)
0%
690 Onur Ayık MF, FW 1 0 (0)
0%
449 Óscar Cardozo FW 4 1 (0)
0%
93 Oscar Wendt DF, MF 8 0 (0)
0%
363 Ozan İpek MF 5 0 (1)
0%
364 Pablo Aimar MF 5 0 (0)
0%
525 Pablo Batalla MF 3 1 (0)
0%
691 Pablo Sarabia MF, FW 1 0 (0)
0%
450 Paolo Castellini DF 4 0 (0)
0%
692 Paolo Orlandoni GK 1 0 (0)
0%
246 Pape Diakhaté DF 6 0 (0)
0%
451 Patrick van Aanholt DF 4 0 (0)
0%
526 Patrik Mráz DF, MF 3 0 (0)
0%
603 Paulão DF 2 0 (0)
0%
365 Paulo César Rocha Rosa FW 5 0 (0)
0%
527 Pavol Poliaček MF 3 0 (0)
0%
94 Peer Kluge MF 8 0 (2)
0%
367 Per Mertesacker DF 5 0 (0)
0%
247 Peter Wisgerhof DF 6 0 (0)
0%
368 Petri Pasanen DF 5 0 (0)
0%
248 Philipp Bargfrede MF 6 0 (1)
0%
249 Philippe Coutinho MF, FW 6 0 (1)
0%
604 Pierre Bengtsson DF, MF 2 0 (0)
0%
453 Pierre Boya FW 4 0 (0)
0%
528 Pyotr Bystrov MF 3 0 (0)
0%
369 Radosav Petrović DF, MF 5 0 (0)
0%
370 Rafael Bastos MF, FW 5 0 (0)
0%
529 Rafał Murawski MF 3 0 (0)
0%
605 Rasmus Bengtsson DF 2 0 (0)
0%
371 Rasmus Lindgren DF, MF 5 0 (0)
0%
606 Renat Sabitov DF, MF 2 0 (0)
0%
694 Reto Zanni DF 1 0 (0)
0%
530 Richard Foster DF, MF 3 0 (0)
0%
252 Róbert Jež MF 6 0 (2)
0%
254 Roberto GK 6 0 (0)
0%
372 Roberto De Zerbi MF, FW 5 0 (1)
0%
253 Roberto Rosales DF, MF 6 1 (0)
0%
531 Robin van Persie FW 3 2 (0)
0%
607 Rod Fanni DF 2 0 (0)
0%
608 Rodney Strasser MF 2 0 (0)
0%
609 Romain Rocchi MF 2 0 (0)
0%
455 Roman Gergel MF 4 0 (0)
0%
255 Roman Pavlyuchenko FW 6 3 (0)
0%
695 Ross Turnbull GK 1 0 (0)
0%
374 Roy Contout FW 5 0 (0)
0%
610 Rúben Amorim MF 2 0 (0)
0%
533 Salim Tuama MF 3 0 (2)
0%
257 Salvatore Bocchetti DF 6 0 (0)
0%
258 Samuel Inkoom DF, MF 6 1 (1)
0%
696 Sander Boschker GK 1 0 (0)
0%
456 Sandro MF 4 0 (0)
0%
534 Sandro Wagner FW 3 0 (0)
0%
457 Saša Bjelanović FW 4 0 (0)
0%
259 Saša Ilić MF 6 0 (1)
0%
458 Saša Papac DF 4 0 (0)
0%
459 Scott Chipperfield DF, MF 4 0 (0)
0%
535 Sebastián Leto MF, FW 3 0 (0)
0%
611 Sebastian Mielitz GK 2 0 (0)
0%
260 Sebastian Prödl DF, MF 6 1 (0)
0%
261 Sébastien Squillaci DF 6 1 (0)
0%
262 Sercan Yıldırım FW 6 1 (1)
0%
612 Serdar Aziz DF 2 0 (0)
0%
375 Sergei Kornilenko FW 5 0 (0)
0%
536 Sergei Parshivlyuk DF, MF 3 0 (0)
0%
263 Sergey Ryzhikov GK 6 0 (0)
0%
613 Sergio Canales MF, FW 2 0 (0)
0%
461 Sergio Escudero DF, MF 4 0 (0)
0%
614 Sergio Vittor DF, MF 2 0 (0)
0%
697 Sergi Roberto DF, MF 1 0 (0)
0%
376 Shay Abutbul MF 5 0 (1)
0%
378 Sílvio DF 5 0 (0)
0%
379 Simão Mate Junior DF, MF 5 0 (0)
0%
264 Simone Perrotta MF 6 1 (0)
0%
698 Sofiane Feghouli MF, FW 1 0 (0)
0%
537 Sölvi Ottesen DF 3 0 (0)
0%
146 Souleymane Diawara DF 7 1 (0)
0%
265 Stanislav Angelovič DF 6 0 (0)
0%
462 Steeven Langil MF, FW 4 1 (0)
0%
463 Stefan Babović MF 4 0 (0)
0%
464 Stefan Savić DF, MF 4 0 (0)
0%
616 Štefan Zošák MF 2 0 (0)
0%
266 Stéphane Grichting DF 6 0 (0)
0%
267 Stéphane Mbia DF, MF 6 0 (0)
0%
269 Steven Davis MF 6 0 (0)
0%
270 Steven Naismith MF, FW 6 1 (0)
0%
617 Steven Pienaar MF 2 0 (0)
0%
271 Steven Whittaker DF, MF 6 0 (1)
0%
539 Sulley Muntari MF 3 0 (0)
0%
618 Taras Stepanenko MF 2 1 (0)
0%
619 Teemu Tainio MF 2 0 (0)
0%
381 Theo Janssen MF 5 2 (1)
0%
699 Thiago Alcántara MF 1 0 (1)
0%
383 Thiago Motta MF 5 1 (0)
0%
620 Thilo Leugers DF, MF 2 0 (0)
0%
621 Thomas Delaney MF 2 0 (0)
0%
465 Thomas Kraft GK 4 0 (0)
0%
700 Thomas Kristensen MF 1 0 (0)
0%
622 Tim Borowski MF 2 0 (0)
0%
701 Timothée Kolodziejczak DF 1 0 (0)
0%
384 Tim Wiese GK 5 0 (0)
0%
385 Toby Alderweireld DF 5 2 (0)
0%
104 Tomáš Hübschman DF, MF 8 1 (0)
0%
273 Tomáš Majtán FW 6 1 (0)
0%
274 Tomáš Oravec FW 6 1 (0)
0%
387 Tomáš Rosický MF 5 0 (1)
0%
624 Tomasz Kuszczak GK 2 0 (0)
0%
625 Tony DF 2 0 (0)
0%
466 Torsten Frings MF 4 0 (1)
0%
275 Toto Tamuz FW 6 0 (0)
0%
276 Turgay Bahadır MF, FW 6 0 (0)
0%
277 Urby Emanuelson DF, MF, FW 6 0 (0)
0%
388 Valentin Stocker MF 5 1 (1)
0%
389 Valter Birsa MF, FW 5 1 (0)
0%
278 Vandinho MF 6 0 (0)
0%
626 Vasyl Kobin DF, MF 2 0 (0)
0%
467 Vicente Guaita GK 4 0 (0)
0%
627 Vicente Rodríguez MF, FW 2 0 (0)
0%
702 Victor Merey FW 1 0 (0)
0%
703 Víctor Vázquez MF, FW 1 1 (0)
0%
280 Vincent Enyeama GK 6 1 (0)
0%
281 Vitali Kaleshin DF, MF 6 0 (0)
0%
468 Vitaliy Vitsenets MF, FW 4 0 (0)
0%
704 Vitorino Hilton DF 1 0 (0)
0%
628 Vladimír Leitner DF 2 0 (0)
0%
282 Vladimir Stojković GK 6 0 (0)
0%
540 Vladimír Weiss MF, FW 3 0 (1)
0%
469 Vurnon Anita DF, MF 4 0 (0)
0%
706 Vyacheslav Shevchuk DF 1 0 (0)
0%
283 Walid Badir DF, MF 6 0 (0)
0%
707 Weldon FW 1 0 (0)
0%
391 Welliton FW 5 0 (1)
0%
106 William Kvist MF 8 0 (0)
0%
284 Wilson Palacios MF 6 0 (0)
0%
630 Wojciech Szczęsny GK 2 0 (0)
0%
392 Wout Brama MF 5 0 (0)
0%
285 Xherdan Shaqiri MF, FW 6 1 (1)
0%
40 Yaroslav Rakitskiy DF 10 1 (0)
0%
708 Yavuz Özkan GK 1 0 (0)
0%
286 Yevgeni Makeyev DF 6 0 (0)
0%
471 Yossi Shivhon MF 4 0 (1)
0%
151 Zdeněk Pospěch DF 7 0 (0)
0%
No matching quizzes found
Score Distribution
Percent of People with Each Score
Percentile by Number Answered
Your Score History
You have not taken this quiz